000 00746nam a2200205Ii 4500
003 JO-AjNU
008 230605s9999||||xx |||||||||||||| ||und||
040 _aJO-AjNU
_bara
_erda
_cJO-AjNU
041 _aara
050 1 4 _aKMM97.2008
100 3 _a حمد الله ، حمد الله محمد,
_eauthor
_932433
245 0 0 _aالوسيط فى القانون التجاري: الاعمال التجارية -- التاجر -- الشركات التجارية
250 _a(د،ط)
264 3 1 _aالقاهرة : دار النهضة العربية ، 2008
300 _a561ص
336 _atext
_btxt
_2rdacontent
337 _aunmediated
_bn
_2rdamedia
338 _avolume
_bnc
_2rdacarrier
650 4 _aالقانون التجاري
_932434
999 _aA13093
_c16661
_d16661